Statistics for Euro 2020 Group A - Switzerland - Turkey

Click here to take the quiz!

General Stats

  • This quiz has been taken 64 times
    (63 since last reset)
  • The average score is 16 of 34

Answer Stats

Player% Correct
Burak Yılmaz
83%
Yann Sommer
83%
Çağlar Söyüncü
81%
Hakan Çalhanoğlu
81%
Xherdan Shaqiri ²
81%
Merih Demiral
76%
Cengiz Ünder
70%
Uğurcan Çakır
70%
Granit Xhaka
69%
Zeki Çelik
67%
Breel Embolo
65%
Haris Seferović ¹
63%
Manuel Akanji
61%
Ozan Tufan
56%
Ricardo Rodríguez
50%
İrfan Kahveci ¹
48%
Nico Elvedi
46%
Şenol Güneş
43%
Yusuf Yazıcı
43%
Okay Yokuşlu
41%
Mert Müldür
39%
Kevin Mbabu
37%
Kaan Ayhan
33%
Kenan Karaman
33%
Remo Freuler
33%
Vladimir Petković
28%
Mario Gavranović
26%
Orkun Kökçü
26%
Ruben Vargas
24%
Silvan Widmer
22%
Steven Zuber
20%
Dorukhan Toköz
19%
Admir Mehmedi
17%
Loris Benito
11%

Score Distribution

Percentile by Number Answered

Percent of People with Each Score

Your Score History

You have not taken this quiz since the last reset